000 02142nam a2200421 a 4500
999 _c153939
_d153939
003 BLK
005 20250625122809.0
008 180410b bul|||||r ||||||| ||bul||
010 _aKNG00160505000
020 _a978-619-7022-06-3
040 _aBLK
041 _aBUL
_cBUL
072 7 _2bullib
_aН86
_xДетска отраслова литература Н
080 _aИздания за деца и юноши. Книжки-картинки. Читанки. Вж и 372.4
_b087.5
_z087.5
080 _aАвиация и космонавтика. Летателни апарати. Ракетна техника. Космическа техника. Космическа техника
_b629.7
_z629.7
100 1 _aГринберг, Делфин
_eпърви автор
_9332248
139 _aГринберг, Делфин
_bГ 84
245 1 0 _aКосмосът
_b4 - 6 г.
_cДелфин Гринберг; ил. Жан-Франсоа Пенишу; прев. Велимира Костадинова Костова-Върлакова; прев. Васил Стефанов Върлаков.
257 _aFRA
260 _aСофия
_bДжи би груп
_c2012
_fФранция
300 _a29 с.
_bс цв. ил.
_c26 см
380 _aDN
490 _aВъпроси, отговори
_v6
_9207744
_xISSN C634-2574
500 _aОриг. загл.: L'espace / Delphine Grinberg. - Имената на прев. отбелязани на гърба на предзагл. с.
650 4 _aКнижки-картинки
_9267880
653 _aкнижки-картинки
659 _aН
700 1 _aПенишу, Жан-Франсоа
_eил.
_9108153
700 1 _aКостова-Върлакова, Велимира Костадинова
_eпрев.
_9370076
700 1 _aВърлаков, Васил Стефанов
_eпрев.
_9332246
852 _aЦб ІІ 19928
856 4 _qpdf
_i0.00
_ldisable
856 4 _qpdf
_i0.00
_ldisable
942 _cKNG
_n0
_s1
_07
944 _aCR
_c12.05.2014
_k30534
_lРадостина Карадакова
944 _aED
_c21.01.2015
_kГрета_Цуфелде
999 _d153939